000 01025nam a22003137a 4500
001 6291
003 FISKH
005 20250409120509.0
008 250409b cb ||||| |||| 00| 0 eng d
020 _a9780439783750
040 _aDLC
_cDLC
_dDLC
_beng
050 _aPZ7.K6797 H
082 _a 813.54
100 1 _aKline, Suzy.
_d(1943-)
245 1 0 _aHorrible Harry and the locked closet /
_cby Suzy Kline ; pictures by Frank Remkiewicz.
250 _aThis edition first published in 2005
260 _aNew York :
_bScholastic,
_c2004.
300 _a68 pages :
_billustrations ;
_c20 cm.
505 _aL
520 _aHarry and his detective classmates try to find clues relating to a mysterious locked closet in Room 3B.
521 8 _a520
_bLexile
521 8 _aL
_bRaz-Plus
650 1 _aSchools
_vFiction.
650 1 _aMystery and detective stories.
_2Funny
700 1 _aRemkiewicz, Frank,
_eillustrator
906 _a7
_bcbc
_corignew
_d1
_eecip
_f20
_gy-gencatlg
942 _2ddc
_cBK
_n0
999 _c6291
_d6291